Statistiken für Mario Odyssey: Alle Länder

Klicken Sie hier um das Quiz zu spielen!

Allgemein

  • Dieses Quiz wurde 38 mal gespielt
  • Das Durchschnittsergebnis liegt bei 13 aus 17

Antwortstatistiken

Antwort% Korrekt
Hutland
94%
Kaskadenland
88%
Mondland
84%
Seeland
84%
Pilz-Königreich
81%
Wolkenland
81%
Forstland
78%
Wüstenland
78%
Bowsers Land
75%
Cityland
75%
Verlorenes Land
75%
Finstere Seite des Mondes
69%
Küstenland
69%
Schlemmerland
66%
Ruinenland
63%
Stockfinstere Seite des Mondes
63%
Polarland
59%

Verteilung der Resultate

Perzentil nach korrekt beantworteten Fragen

Anzahl Personen mit jedem Resultat

Ihre Resultats-Entwicklung

Sie haben dieses Quiz noch nicht gespielt